Statystyki dla Państwa na literę C

Kliknij tutaj aby rozwiązać quiz!

Ogólne statystyki

  • Ten quiz został rozwiązany 200 847 razy
    (200 833 od ostatniego zresetowania)
  • Średni wynik to 5 z 7

Statystyki odpowiedzi

Kraj% Poprawnych
Czechy
88%
Chiny
81%
Chorwacja
70%
Cypr
69%
Chile
58%
Czarnogóra
58%
Czad
54%

Rozkład punktacji

Percentyl według liczby udzielonych odpowiedzi

Procent ludzi z każdym wynikiem

Twoja historia wyników

Nie rozwiązałeś tego quizu od ostatniego zresetowania